Competition strong for hot properties (Record no. 73800)
[ view plain ]
| 000 -LEADER | |
|---|---|
| fixed length control field | 01035cam a2200205 4500 |
| 001 - CONTROL NUMBER | |
| control field | WB3944-11 |
| 008 - FIXED-LENGTH DATA ELEMENTS--GENERAL INFORMATION | |
| fixed length control field | 031118n2003 000 0 eng u |
| 035 ## - SYSTEM CONTROL NUMBER | |
| System control number | (Sirsi) u124360 |
| 245 ## - TITLE STATEMENT | |
| Title | Competition strong for hot properties |
| 260 ## - PUBLICATION, DISTRIBUTION, ETC. | |
| Date of publication, distribution, etc. | 2003 |
| 490 ## - SERIES STATEMENT | |
| Series statement | RICS Press Release |
| Volume/sequential designation | (pr107) 18 November 2003 (3) |
| 520 ## - SUMMARY, ETC. | |
| Summary, etc. | The latest "RICS Housing market survey of England and Wales" has shown competitive bidding is returning to the housing market, as fewer houses are available for sale for serious buyers. Prices are rising, especially in the London area and certain types of property remain in demand. The survey is available to download at http://www.rics.org/ricscms/bin/show?class=MarketSurvey&template=/includes/showmarketsurvey.html&id=7 1 http://www.rics.org/ricscms/bin/show?class=PressRelease&template=/includes/showpr.html&id=1059 |
| 590 ## - LOCAL NOTE (RLIN) | |
| Local note | WB |
| 650 ## - SUBJECT ADDED ENTRY--TOPICAL TERM | |
| Topical term or geographic name entry element | RICS MARKET SURVEYS |
| 650 ## - SUBJECT ADDED ENTRY--TOPICAL TERM | |
| Topical term or geographic name entry element | HOUSING MARKET SURVEYS |
| 650 ## - SUBJECT ADDED ENTRY--TOPICAL TERM | |
| Topical term or geographic name entry element | HOUSE PRICES |
| 650 ## - SUBJECT ADDED ENTRY--TOPICAL TERM | |
| Topical term or geographic name entry element | HOUSING DEMAND |
| 690 ## - LOCAL SUBJECT ADDED ENTRY--TOPICAL TERM (OCLC, RLIN) | |
| Topical term or geographic name as entry element | HOUSING |
| 942 ## - ADDED ENTRY ELEMENTS (KOHA) | |
| Suppress in OPAC | 0 |
| Withdrawn status | Lost status | Source of classification or shelving scheme | Damaged status | Not for loan | Home library | Current library | Shelving location | Date acquired | Total Checkouts | Full call number | Barcode | Date last seen | Copy number | Price effective from | Koha item type |
|---|---|---|---|---|---|---|---|---|---|---|---|---|---|---|---|
| Dewey Decimal Classification | London | London | News article | 18/11/2003 | WB3944-11 | 124360-1001 | 06/08/2019 | 1 | 06/08/2019 | News article |